000 00358nam a2200145Ia 4500
008 230917s9999||||xx |||||||||||||| ||und||
040 _e203706
_aMAIN
041 _aEnglish
082 _a829.443 M278I
100 _aMahasweta Devi
245 0 _aIn the name of the mother
260 _aCalcutta
_bSeagull Books
_c2004
300 _avii, 85 p.
942 _cBK
999 _c173962
_d173962